Developing an effective safety culture : (Record no. 3332)

000 -LEADER
fixed length control field 02592cam a2200481 a 4500
006 - FIXED-LENGTH DATA ELEMENTS--ADDITIONAL MATERIAL CHARACTERISTICS--GENERAL INFORMATION
fixed length control field m o d
007 - PHYSICAL DESCRIPTION FIXED FIELD--GENERAL INFORMATION
fixed length control field cr cnu---unuuu
008 - FIXED-LENGTH DATA ELEMENTS--GENERAL INFORMATION
fixed length control field 070709s2002 maua ob 001 0 eng d
016 7# - NATIONAL BIBLIOGRAPHIC AGENCY CONTROL NUMBER
Record control number 017581785
Source Uk
016 7# - NATIONAL BIBLIOGRAPHIC AGENCY CONTROL NUMBER
Record control number 0750674113
Source Uk
020 ## - INTERNATIONAL STANDARD BOOK NUMBER
International Standard Book Number 9780080488707
Qualifying information (electronic bk.)
020 ## - INTERNATIONAL STANDARD BOOK NUMBER
International Standard Book Number 0080488706
Qualifying information (electronic bk.)
020 ## - INTERNATIONAL STANDARD BOOK NUMBER
International Standard Book Number 1281049506
020 ## - INTERNATIONAL STANDARD BOOK NUMBER
International Standard Book Number 9781281049506
020 ## - INTERNATIONAL STANDARD BOOK NUMBER
International Standard Book Number 9786611049508
020 ## - INTERNATIONAL STANDARD BOOK NUMBER
International Standard Book Number 6611049509
040 ## - CATALOGING SOURCE
Original cataloging agency IMU Kochi Library
Language of cataloging eng
041 0# - LANGUAGE CODE
Language code of text/sound track or separate title eng
082 04 - DEWEY DECIMAL CLASSIFICATION NUMBER
Classification number 658.3/82
Edition number 22
100 1# - MAIN ENTRY--PERSONAL NAME
Personal name Roughton, James E.
245 10 - TITLE STATEMENT
Title Developing an effective safety culture :
Sub Title a leadership approach /
260 ## - PUBLICATION, DISTRIBUTION, ETC. (IMPRINT)
Place of publication, distribution, etc Boston :
Name of publisher, distributor, etc Butterworth-Heinemann,
Date of publication, distribution, etc �2002.
300 ## - PHYSICAL DESCRIPTION
Extent 1 online resource (xxxvii, 477 pages) :
Other physical details illustrations
504 ## - BIBLIOGRAPHY, ETC. NOTE
Bibliography, etc Includes bibliographical references and index.
520 ## - SUMMARY, ETC.
Summary, etc Described how to implement an effective safety culture that will lead to the desired goal of zero incidents in the work place.
505 0# - FORMATTED CONTENTS NOTE
Formatted contents note Part 1: Characteristics of an Effective Safety Culture; Does Management Commitment Make a Difference; Defining a Value System; Voluntary Guidelines for Safety Management; Part 2: Management Aspects of an Effective Safety Culture; Management's Role In Developing an Effective Safety Culture; Journey to a Safety Culture: Determining The Direction of Your Management System; Management Leadership: Demonstrating Commitment; Employee Participation; Assigning Safety Responsibilities; Developing Accountability; Part 3: Safety and Health Programs That Support the Safety Culture; Developing a Hazard Inventory; Developing a Hazard Prevention and Control System; Incident Investigation; Establishing a Medical Surveillance Program; Defining Safety and Health Training; Conducting Job Hazard Analysis; Understanding Behavioral-Based Safety; Part 4: Measuring the Safety Culture; Safety and Health Program Assessment; Appendices; Index.
546 ## - LANGUAGE NOTE
Language note English.
650 #0 - SUBJECT ADDED ENTRY--TOPICAL TERM
Topical term or geographic name as entry element Industrial safety
General subdivision Management.
650 #7 - SUBJECT ADDED ENTRY--TOPICAL TERM
Topical term or geographic name as entry element BUSINESS & ECONOMICS
General subdivision Workplace Culture.
Source of heading or term bisacsh
650 #7 - SUBJECT ADDED ENTRY--TOPICAL TERM
Topical term or geographic name as entry element BUSINESS & ECONOMICS
General subdivision Human Resources & Personnel Management.
Source of heading or term bisacsh
650 #7 - SUBJECT ADDED ENTRY--TOPICAL TERM
Topical term or geographic name as entry element Industrial safety
General subdivision Management.
Source of heading or term fast
700 1# - ADDED ENTRY--PERSONAL NAME
Personal name Mercurio, James J.,
Dates associated with a name 1959-
852 ## - LOCATION/CALL NUMBER
Location IMU Kochi Library
856 ## - ELECTRONIC LOCATION AND ACCESS
Uniform Resource Identifier <a href="https://www.sciencedirect.com/science/book/9780750674119">https://www.sciencedirect.com/science/book/9780750674119</a>
904 ## - LOCAL DATA ELEMENT D, LDD (RLIN)
CATALOGER Rudra Ranjan
905 ## - LOCAL DATA ELEMENT E, LDE (RLIN)
VERIFIER Rudra Ranjan
942 ## - ADDED ENTRY ELEMENTS (KOHA)
Item type E-Book
338 ## -
-- online resource
650 #7 - SUBJECT ADDED ENTRY--TOPICAL TERM
-- (OCoLC)fst00971698

No items available.



Copyright © All Rights Reserved by Indian Maritime University, Kochi Campus.
For any Suggestions/Query Contact to library or Email: library.kochi@imu.ac.in Ph:(0484)-2989402
(Web OPAC Designed by Rudra Ranjan. Maintained by IMU Kochi Library)

Powered by Koha